000 01794cam a22004934i 4500
003 PE-LiUPU
005 20250731173551.0
008 150616s r 000 0 d
020 _a0664250165
035 _a(Sirsi) i9780664250164
040 _aPE-LiUPU
_bspa
_cPE-LiUPU
_erda
049 _aPRUA
082 0 4 _a200.08
_bL4
_221
100 1 _aMalherbe, Abraham,
_eautor.
245 1 0 _aMoral Exhortation, A Greco-Roman Sourcebook /
_cAbraham Malherbe.
264 1 _aPhiladelphia :
_bThe Westminster Press,
_c1989.
300 _a178 páginas ;
_c23 centímetros
336 _atext
_2rdacontent
337 _aunmediated
_2rdamedia
338 _avolume
_2rdacarrier
490 0 _aLibrary of early Christianity ;
_v4
505 0 _aSources.- The social settings of moral instruction.- The aims and character of the moral teacher.- Methods of instruction and moral nurture.- Means of instruction.- Styles of exhortation.- Literary and rhetorical conventions.- Conventional subjects.
526 _aSEG42
526 _aSEG41
526 _aSEG40
526 _aSEG39
526 _aP94
526 _aP87
526 _aP86
526 _aP85
526 _aP77
526 _aP76
526 _aP35
650 0 4 _aConducta de vida.
_9973
650 0 4 _aÉtica.
650 0 4 _aFilosofía antigua.
_9510
910 _ajck
_bjvq
_cjck
942 _2ddc
_cBOOK
949 _a200.08 L4
_wDEWEY
_c1
_i43184
_lCCODEBUL1
_mBUL
_r0
_sY
_tBOOK
_u2015-6-16
_xTEOLOGIA
_zUNKNOWN
_0COMPRA
_o.STAFF. Colección General
994 _aC0
_bPEPRU
596 _a1
999 _a200.08 L4
_wDEWEY
_c61143
_i43184
_f2021-11-9
_g5
_lCCODEBUL1
_mBUL
_r0
_sY
_tBOOK
_u2015-6-16
_xTEOLOGIA
_zUNKNOWN
_0COMPRA
_o.STAFF. Colección General
_d61143
980 _81
_gALBERTO SANCHEZ Responsable de Automatización